SAT Words Impossible Click Quiz - C - Statistics

General Stats
  • This quiz has been taken 225 times
  • The average score is 7 of 18
Answer Stats
Hint Answer % Correct
Speed, quickness Celerity
66%
Fossilized feces Coprolite
56%
Related to the underworld Chthonian
53%
Deposit of sediment at the bottom of a slope Colluvium
53%
Pamper, spoil Cosset
53%
Succinct but comprehensive Compendious
48%
Rebellious, disobedient Contumacious
46%
Shaped like a goblet or cup Cyathiform
40%
Relating to or on the tail-end Caudal
36%
Leathery Coriaceous
33%
Delay, procrastination Cunctation
32%
Leader of a mercenary group Condottiere
31%
Raise trivial objections Cavil
30%
Shaped like a coil or spiral Circinate
29%
Related to hunting or hunting dogs Cynegetic
28%
Secret or tight-knit group; cabal Camarilla
23%
(Of a punishment) Deserving or adequate based on the crime committed Condign
23%
Collection of selected literary passages Chrestomathy
13%
No matching quizzes found
Score Distribution
Percent of People with Each Score
Percentile by Number Answered
Your Score History
You have not taken this quiz